| 000 | 00648cam a2200205 i 4500 | ||
|---|---|---|---|
| 005 | 20251110105031.0 | ||
| 008 | 250721s2012 ua gr 000 0 ara d | ||
| 041 | 1 |
_aara _heng |
|
| 082 | 1 | 4 |
_a158 _bه ي ل |
| 100 | 1 |
_aهيل، أنتوني _eمؤلف |
|
| 245 | 1 | 0 |
_aقوة الثقة بالنفس / _cتأليف هند محمد. |
| 250 | _aالطبعة الاولى. | ||
| 264 | 3 | 1 |
_aمصر : _bدار المشرق، _c2012. |
| 300 | _a208 صفحة. | ||
| 650 | 1 | 7 | _aعلم النفس التطبيقي. |
| 653 | _aالثقة بالنفس. | ||
| 700 | 1 |
_aمحمد، هند _eمترجم. |
|
| 942 |
_2ddc _cBK |
||
| 999 |
_c130603 _d130603 |
||